|
|
|
|
| LEADER |
00000nam a22000007a 4500 |
| 005 |
2022081806336.0 |
| 007 |
cr|||| |||| |
| 008 |
220818s2020 pe |||||s|||| 00||0 spa d |
| 020 |
|
|
|a 9786123251093
|
| 035 |
|
|
|a 36879
|
| 040 |
|
|
|a vLex
|
| 090 |
|
|
|c 13750
|d 13750
|
| 100 |
1 |
|
|a Lübbe-Wolff, Gertrude
|
| 245 |
1 |
0 |
|a ¿Cm̤o funciona el Tribunal Constitucional Federal alemǹ?
|h [Recurso electrn̤ico] /
|c Gertrude Lübbe-Wolff
|
| 256 |
|
|
|a Servicio en ln̕ea
|
| 260 |
|
|
|a Lima:
|b Palestra Editores,
|c 2020
|
| 300 |
|
|
|a 1 recurso electrn̤ico
|
| 500 |
|
|
|a El Tribunal Constitucional Federal alemǹ ha sabido mantener a lo largo de los aǫs un alto nivel de aprobacin̤ en la opinin̤ pb︢lica y el reconocimiento por parte de la ciencia del derecho constitucional. Esa legitimidad de la que goza es el resultado de una combinacin̤ de factores que le ha permitido obtener un sitial irremplazable en el sistema constitucional y democrt̀ico alemǹ, y que no siempre es fc̀il de entender. La presente obra es una invitacin̤ a conocer al Tribunal Constitucional Federal por dentro. La autora, ex jueza de dicho Tribunal, nos ofrece en este pequeǫ, pero valioso libro un panorama amplio sobre su funcionamiento. Tambiň en los tribunales constitucionales existen reglas no escritas, usos y costumbres que se van asentando con el devenir de la actividad jurisdiccional y de la experiencia que los jueces constitucionales van acumulando durante su mandato. La ex magistrada Lübbe-Wolff nos permite entender mejor, por ejemplo, por qu ̌muy rara vez se producen votos singulares, por qu ̌las deliberaciones son reservadas inclusive para los funcionarios del mismo Tribunal, por qu ̌y cm̤o ha logrado una alta aceptacin̤ en la ciudadana̕, cm̤o es que sus jueces no sucumben a las presiones polt̕icas o por qu ̌la crt̕ica es un elemento esencial para que el Tribunal se mantenga dentro de sus lm̕ites.
|
| 506 |
1 |
|
|a Disponible solo en los productos indicados
|d vLex Global
|d vLex Global (Academic Edition, excluding Law Schools)
|d vLex Global (U.S. Academic Edition, Law Schools)
|d vLex Global (U.S. Academic Edition, excluding Law Schools)
|d vLex Global (Academic Edition, Law Schools)
|
| 650 |
0 |
4 |
|a Derecho Constitucional
|z Per︢
|
| 650 |
0 |
4 |
|a Tribunal Constitucional
|z Per︢
|
| 740 |
0 |
|
|a vLex Libros (Servicio en ln̕ea)
|
| 856 |
4 |
0 |
|u https://app.vlex.com/#/sources/36879
|z Acceso restringido
|
| 942 |
|
|
|c BOOK
|
| 999 |
0 |
|
|a Constitutional Law
|
| 999 |
0 |
|
|a Constitutional Court
|